Ilustrationis apologeticae appendix Sacrae Cisterciensis Observantiae in regnis Hispaniarum facultas ad nova sanctorum officia ordinanda, proprioque breviario addenda / authore R. P. M. Fr. Ildephonso Guerrero, diffinitori generali ejusdem Observantiae, in Salmanticensi Universitate Doctore theologo, et olim philosophiae cathedrae moderatore

Detalles Bibliográficos
Autor principal: Guerrero, Ildefonso, S.J., 1576-1639
Formato: Libro
Lenguaje:Latin
Publicado: Matriti : ex typographia D. Antonii de Sancha, 1783.
Edición:Editio secunda
Materias:
Colección:Banco de datos
Acervo:Biblioteca Félix de Jesús Rougier de los Misioneros del Espíritu Santo. Fondo Antiguo
Descripción Física:72 p. ; 4°
Tema general:Apologética
Notas:Portada tipográfica con pleca en grabado xilográfico. Texto a renglón seguido con notas a pie de página. Incluye cabecera de título en grabado xilográfico. Incluye capitular en grabado xilográfico
LEADER 01114nam a22001930004500
035 |a 652 
041 0 |a lat 
100 1 |a Guerrero, Ildefonso, S.J., 1576-1639 
245 1 0 |a Ilustrationis apologeticae appendix Sacrae Cisterciensis Observantiae in regnis Hispaniarum facultas ad nova sanctorum officia ordinanda, proprioque breviario addenda / authore R. P. M. Fr. Ildephonso Guerrero, diffinitori generali ejusdem Observantiae, in Salmanticensi Universitate Doctore theologo, et olim philosophiae cathedrae moderatore  
250 |a Editio secunda 
260 |a Matriti : ex typographia D. Antonii de Sancha, 1783. 
300 |a 72 p. ; 4° 
500 |a Portada tipográfica con pleca en grabado xilográfico. Texto a renglón seguido con notas a pie de página. Incluye cabecera de título en grabado xilográfico. Incluye capitular en grabado xilográfico 
501 |a 1 obra 
650 1 0 |a Apologética 
949 |a Biblioteca Félix de Jesús Rougier, Fondo Antiguo 1046-B 
942 |c ROUGIER 
943 |g Biblioteca Félix de Jesús Rougier de los Misioneros del Espíritu Santo. Fondo Antiguo 
999 |c 945671  |d 945671